000 01228nam a22001457a 4500
999 _c515481
_d515481
008 210129b ||||| |||| 00| 0 eng d
100 _aDorantes, Catalina , Amuedo. Bucheli and Jose, R.
_923982
245 _aA look Ahead at the 2020 US elections: The role of candidate diversity in political participation
260 _aAEA Papers and Proceedings
300 _a 110, May, 2020: p.436-441
520 _aAn increasingly diverse population in the United States has given rise to a growing body of literature that analyzes the causes and consequences of descriptive representation. Using individual-level representative data on registration and voting for the entire United States over the 2008–2018 decade, we find that diversity in the candidate pool promotes the registration and voting of eligible-to-vote individuals, particularly those belonging to the youngest generations of voters, those located in swing states, and growing minorities, as in the case of Hispanic voters. Given the changing electorate, increasing candidate diversity might prove crucial in promoting political and electoral engagement. – Reproduced
773 _aAEA Papers and Proceedings
906 _aELECTIONS -UNITED STATES
942 _cAR